| 000 | 00860nam a2200265 a 4500 | ||
|---|---|---|---|
| 001 | 000003632 | ||
| 005 | 20200929150517.0 | ||
| 008 | 821206s1955 sp 000 f spa | ||
| 040 |
_aDO-SdBNP _bspa _cBNPHU |
||
| 082 |
_a813.4 _bG738n, 1955 |
||
| 100 | 1 |
_aGraham, Winston, _d1908-2003 _911149 |
|
| 240 | 1 | 0 |
_aNight without stars. _lEspañol |
| 245 | 1 | 0 |
_aNoche sin estrellas : _bnovela / _cWinston Granham; Traducción de J. Romero de Tejada. |
| 250 | _a2a ed. | ||
| 260 |
_aBarcelona : _bPlaneta, _c1955. |
||
| 300 |
_a374 p. ; _c19 cm. |
||
| 490 | 1 | _aLuyve | |
| 534 |
_aTítulo original: _tNight without stars |
||
| 650 | 4 |
_aNovela estadounidense _9262 |
|
| 650 | 4 |
_aLiteratura estadounidense _9263 |
|
| 650 | 4 |
_aMuerte _xNovela _911150 |
|
| 700 | 1 |
_aTejada, J. Romero de, _etr. _911151 |
|
| 830 | 0 |
_aLuyve. _910547 |
|
| 910 | _aCatalogación original noche | ||
| 999 |
_c3455 _d3455 |
||